[Event "Sala op"]
[Site "Sala"]
[Date "1994.??.??"]
[Round "9"]
[White "Demeter, Peter"]
[Black "Golod Ratner, A."]
[Result "1-0"]
[WhiteElo "2335"]
[BlackElo "2080"]
[PlyCount "52"]
[EventDate "1994.??.??"]
[EventType "swiss"]
[EventRounds "9"]
[EventCountry "SVK"]
[SourceTitle "EXT 1997"]
[Source "ChessBase"]
[SourceDate "1996.11.15"]
[SourceVersion "1"]
[SourceVersionDate "1996.11.15"]
[SourceQuality "1"]

1. e4 d5 2. exd5 Qxd5 3. Nc3 Qa5 4. Be2 Nf6 5. Nf3 Nc6 6. 0-0 Bg4 7. h3 Bh5 8. d3 0-0-0 9. Be3 Bxf3 10. Bxf3 Nd4 11. Bxd4 Rxd4 12. Ne4 e6 13. c3 Rd8 14. b4 Qa6 15. d4 Nxe4 16. Bxe4 g5 17. b5 Qb6 18. a4 a5 19. bxa6 Qxa6 20. a5 Bd6 21. Bd3 Qc6 22. a6 bxa6 23. Rxa6 Qxc3 24. Qf3 Bb4 25. Qxf7 Qxd4 26. Qxe6+ Kb8 1-0

[Event "Sala op"]
[Site "Sala"]
[Date "1994.??.??"]
[Round "7"]
[White "Golod Ratner, A."]
[Black "Ruckschloss, Karol"]
[Result "1/2-1/2"]
[WhiteElo "2080"]
[BlackElo "2320"]
[PlyCount "117"]
[EventDate "1994.??.??"]
[EventType "swiss"]
[EventRounds "9"]
[EventCountry "SVK"]
[SourceTitle "EXT 1997"]
[Source "ChessBase"]
[SourceDate "1996.11.15"]
[SourceVersion "1"]
[SourceVersionDate "1996.11.15"]
[SourceQuality "1"]

1. e4 e6 2. d4 d5 3. exd5 exd5 4. Nf3 Nf6 5. Bd3 Bd6 6. 0-0 0-0 7. Bg5 Bg4 8. Nbd2 Nbd7 9. Re1 c6 10. c3 Qc7 11. Qc2 b5 12. Bxf6 Nxf6 13. Ne5 Bc8 14. Ndf3 g6 15. Qd2 Kg7 16. Re2 Ng8 17. Bc2 f6 18. Nd3 Bg4 19. Nde1 Bf4 20. Qd1 Rae8 21. h3 Bc8 22. Nd3 Bd6 23. Qd2 Rxe2 24. Qxe2 Qf7 25. Re1 Bd7 26. Nc5 Re8 27. Qd2 Bc8 28. Kf1 Rxe1+ 29. Qxe1 Qe7 30. b4 Qxe1+ 31. Kxe1 Ne7 32. Nd2 h5 33. Ndb3 g5 34. Na5 h4 35. Nab7 Bh2 36. Bd1 Kg6 37. Bc2+ f5 38. Na5 Kf6 39. Nab3 g4 40. Nd2 Bd6 41. Kf1 Ng6 42. Nd3 Nf4 43. Nxf4 Bxf4 44. Nb3 Bc7 45. Bd1 Kg5 46. Nc5 Kf6 47. a4 a6 48. a5 Bf4 49. Nb3 Bh6 50. Be2 Kg5 51. Nc5 Bf8 52. Nd3 Bd6 53. Ke1 Be6 54. Kf1 Bf7 55. Ke1 Bh5 56. Kf1 Bg6 57. Ke1 Be8 58. Kf1 Bh5 59. Ke1 1/2-1/2

[Event "Sala op"]
[Site "Sala"]
[Date "1994.??.??"]
[Round "5"]
[White "Golod Ratner, A."]
[Black "Safranska, Anda"]
[Result "1-0"]
[WhiteElo "2080"]
[BlackElo "2345"]
[PlyCount "73"]
[EventDate "1994.??.??"]
[EventType "swiss"]
[EventRounds "9"]
[EventCountry "SVK"]
[SourceTitle "EXT 1997"]
[Source "ChessBase"]
[SourceDate "1996.11.15"]
[SourceVersion "1"]
[SourceVersionDate "1996.11.15"]
[SourceQuality "1"]

1. e4 g6 2. d4 Bg7 3. Nc3 c6 4. Be3 d5 5. e5 f6 6. f4 Nh6 7. Be2 0-0 8. Qd2 Nf5 9. Bf2 fxe5 10. dxe5 e6 11. Nf3 b6 12. g4 Ne7 13. h4 c5 14. h5 Nbc6 15. hxg6 Nxg6 16. Bg3 Nce7 17. Nh4 Bb7 18. Nxg6 hxg6 19. Nb5 d4 20. Rh2 Bd5 21. 0-0-0 a6 22. Nd6 Nc8 23. Bh4 Qd7 24. Nxc8 Raxc8 25. Qd3 Qf7 26. Bg5 b5 27. Qh3 Qb7 28. Qh7+ Kf7 29. f5 exf5 30. gxf5 gxf5 31. Qxf5+ Kg8 32. Qh7+ Kf7 33. Bh5+ Ke6 34. Bg4+ Kxe5 35. Re1+ Be4 36. Bxc8 Rxc8 37. Rh4 1-0

[Event "Sala op"]
[Site "Sala"]
[Date "1994.??.??"]
[Round "6"]
[White "Priehoda, Vitezslav"]
[Black "Golod Ratner, A."]
[Result "1/2-1/2"]
[WhiteElo "2400"]
[BlackElo "2080"]
[PlyCount "110"]
[EventDate "1994.??.??"]
[EventType "swiss"]
[EventRounds "9"]
[EventCountry "SVK"]
[SourceTitle "EXT 1997"]
[Source "ChessBase"]
[SourceDate "1996.11.15"]
[SourceVersion "1"]
[SourceVersionDate "1996.11.15"]
[SourceQuality "1"]

1. d4 Nf6 2. c4 d6 3. Nc3 e5 4. Nf3 Nbd7 5. e4 g6 6. Be2 Bg7 7. 0-0 0-0 8. Re1 c6 9. Bf1 Re8 10. d5 c5 11. Rb1 Rf8 12. g3 h6 13. Bg2 Ne8 14. Qc2 f5 15. Nh4 Qf6 16. exf5 gxf5 17. Bd2 e4 18. Ne2 Ne5 19. Nf4 Qf7 20. b4 cxb4 21. Bxb4 Bf6 22. Bc3 Bxh4 23. gxh4 Kh7 24. c5 Rg8 25. Kh1 Ng6 26. Nxg6 Rxg6 27. f3 Qxd5 28. fxe4 Qxc5 29. exf5 Bxf5 30. Rxb7+ Ng7 31. Qb2 Rg8 32. Ree7 Bh3 33. Rxg7+ R8xg7 34. Rxg7+ Rxg7 35. Bxg7 Bxg2+ 36. Kxg2 Qd5+ 37. Kf2 Qf5+ 38. Ke3 Qh3+ 39. Ke4 Qg4+ 40. Kd5 Qxg7 41. Qxg7+ Kxg7 42. Kxd6 Kg6 43. Ke5 Kh5 44. Kf6 Kxh4 45. Kg6 h5 46. a4 Kg4 47. h3+ Kxh3 48. Kxh5 Kg3 49. Kg5 Kf3 50. Kf5 Ke3 51. Ke5 Kd3 52. Kd5 Kc3 53. Kc5 Kb3 54. Kb5 a6+ 55. Kxa6 Kxa4 1/2-1/2